L'architecture romane / (Record no. 49161)

MARC details
000 -LEADER
campo de control de longitud fija 00459nam a2200169 i 4500
001 - NÚMERO DE CONTROL
campo de control 49161
003 - IDENTIFICADOR DE NÚMERO DE CONTROL
campo de control ES-MaACL
005 - FECHA Y HORA DE LA ÚLTIMA TRANSACCIÓN
campo de control 20230906161911.0
007 - CAMPO FIJO DE DESCRIPCIÓN FÍSICA--INFORMACIÓN GENERAL
campo de control de longitud fija t|
008 - DATOS DE LONGITUD FIJA--INFORMACIÓN GENERAL
campo de control de longitud fija 030710s1888 fr ||||1| fre d
100 1# - ENTRADA PRINCIPAL--NOMBRE DE PERSONA
Nombre de persona Corroyer, Edouard.
9 (RLIN) 40794
245 12 - MENCIÓN DEL TÍTULO
Título L'architecture romane /
Mención de responsabilidad, etc. par Edouard Corroyer.
260 ## - PUBLICACIÓN, DISTRIBUCIÓN, ETC.
Lugar de publicación, distribución, etc. Paris :
Nombre del editor, distribuidor, etc. Maison Quantin,
Fecha de publicación, distribución, etc. [1888]
300 ## - DESCRIPCIÓN FÍSICA
Extensión 320 p. ;
Dimensiones 21 cm.
650 #4 - PUNTO DE ACCESO ADICIONAL DE MATERIA--TÉRMINO DE MATERIA
Término de materia o nombre geográfico como elemento de entrada Arquitectura romana.
9 (RLIN) 10056
852 ## - LOCALIZACIÓN
Ubicación ES-MaACL
Número de control de estantería B-2516
Holdings
Estatus retirado Estado de pérdida Estado de daño No para préstamo Colección Biblioteca de origen Biblioteca actual Ubicación en estantería Fecha de adquisición Fuente de adquisición Total de préstamos Signatura topográfica completa Código de barras Visto por última vez Precio de reemplazo Tipo de ítem Koha
        Libros del s. XIX Biblioteca del Ateneo de Madrid Biblioteca del Ateneo de Madrid Sala Pardo Bazán 17/01/2008     B-2516 1051734 23/02/2023 23/02/2023 Libro impreso antiguo